Applied Thermodynamics (Record no. 6711)
[ view plain ]
| 000 -LEADER | |
|---|---|
| fixed length control field | 00428nam a2200169Ia 4500 |
| 008 - FIXED-LENGTH DATA ELEMENTS--GENERAL INFORMATION | |
| fixed length control field | 230711s9999||||xx |||||||||||||| ||und|| |
| 020 ## - INTERNATIONAL STANDARD BOOK NUMBER | |
| International Standard Book Number | 978-81-224-3686-0 |
| 041 ## - LANGUAGE CODE | |
| Language code of text/sound track or separate title | ENG |
| 082 ## - DEWEY DECIMAL CLASSIFICATION NUMBER | |
| Classification number | 621.4021 |
| Item number | SI-A |
| 100 ## - MAIN ENTRY--PERSONAL NAME | |
| Personal name | Singh,Onkar |
| 245 #0 - TITLE STATEMENT | |
| Title | Applied Thermodynamics |
| 250 ## - EDITION STATEMENT | |
| Edition statement | 4th Ed. |
| 260 ## - PUBLICATION, DISTRIBUTION, ETC. | |
| Date of publication, distribution, etc. | 2016 |
| Place of publication, distribution, etc. | New Delhi |
| Name of publisher, distributor, etc. | New Age International Publishers |
| 300 ## - PHYSICAL DESCRIPTION | |
| Extent | 958p. |
| 650 ## - SUBJECT ADDED ENTRY--TOPICAL TERM | |
| Topical term or geographic name entry element | Mechanical Engineering |
| 942 ## - ADDED ENTRY ELEMENTS (KOHA) | |
| Koha item type | Book |
| Withdrawn status | Lost status | Damaged status | Not for loan | Collection | Home library | Current library | Date acquired | Source of acquisition | Cost, normal purchase price | Inventory number | Total checkouts | Full call number | Barcode | Date last seen | Price effective from | Koha item type | Date last checked out |
|---|---|---|---|---|---|---|---|---|---|---|---|---|---|---|---|---|---|
| MRSPTU Central Library | MRSPTU Central Library | 09/06/2043 | Krishna Book Distributors | 495.00 | KBD/2017-2018/1019643059 | 621.4021 SI-A | 39935 | 08/17/2023 | 08/17/2023 | Book | |||||||
| MRSPTU Central Library | MRSPTU Central Library | 09/06/2043 | Krishna Book Distributors | 495.00 | KBD/2017-2018/1019643059 | 621.4021 SI-A | 39936 | 08/17/2023 | 08/17/2023 | Book | |||||||
| MRSPTU Central Library | MRSPTU Central Library | 09/06/2043 | Krishna Book Distributors | 495.00 | KBD/2017-2018/1019643059 | 2 | 621.4021 SI-A | 39937 | 06/04/2025 | 08/17/2023 | Book | 05/14/2025 | |||||
| MRSPTU Central Library | MRSPTU Central Library | 09/06/2043 | Krishna Book Distributors | 495.00 | KBD/2017-2018/1019643059 | 2 | 621.4021 SI-A | 39938 | 11/21/2025 | 08/17/2023 | Book | 10/28/2025 | |||||
| MRSPTU Central Library | MRSPTU Central Library | 09/06/2043 | Krishna Book Distributors | 495.00 | KBD/2017-2018/1019643059 | 621.4021 SI-A | 39939 | 08/17/2023 | 08/17/2023 | Book | |||||||
| MRSPTU Central Library | MRSPTU Central Library | 09/06/2043 | Krishna Book Distributors | 495.00 | KBD/2017-2018/1019643059 | 2 | 621.4021 SI-A | 39940 | 04/02/2025 | 08/17/2023 | Book | 03/05/2025 |
